<?xml version="1.0" encoding="UTF-8"?><?xml-stylesheet type="text/xsl" href="static/style.xsl"?><OAI-PMH xmlns="http://www.openarchives.org/OAI/2.0/" xmlns:xsi="http://www.w3.org/2001/XMLSchema-instance" xsi:schemaLocation="http://www.openarchives.org/OAI/2.0/ http://www.openarchives.org/OAI/2.0/OAI-PMH.xsd"><responseDate>2026-06-01T18:40:06Z</responseDate><request verb="GetRecord" identifier="oai:riuma.uma.es:10630/31450" metadataPrefix="marc">https://riuma.uma.es/rest/oai/request</request><GetRecord><record><header><identifier>oai:riuma.uma.es:10630/31450</identifier><datestamp>2026-02-03T11:45:23Z</datestamp><setSpec>com_10630_2254</setSpec><setSpec>col_10630_37956</setSpec></header><metadata><record xmlns="http://www.loc.gov/MARC21/slim" xmlns:dcterms="http://purl.org/dc/terms/" xmlns:doc="http://www.lyncode.com/xoai" xmlns:xsi="http://www.w3.org/2001/XMLSchema-instance" xsi:schemaLocation="http://www.loc.gov/MARC21/slim http://www.loc.gov/standards/marcxml/schema/MARC21slim.xsd">
   <leader>00925njm 22002777a 4500</leader>
   <datafield ind2=" " ind1=" " tag="042">
      <subfield code="a">dc</subfield>
   </datafield>
   <datafield ind2=" " ind1=" " tag="720">
      <subfield code="a">Marín Blanco, Jorge</subfield>
      <subfield code="e">author</subfield>
   </datafield>
   <datafield ind2=" " ind1=" " tag="260">
      <subfield code="c">2023</subfield>
   </datafield>
   <datafield ind2=" " ind1=" " tag="520">
      <subfield code="a">El presente capítulo aborda una reflexión en torno a la recuperación y redimensión de los márgenes del canon decimonónico a través del estudio concreto de la figura de Juan María Capitán y González (1789-1854), un poeta antequerano tradicionalmente vinculado a la escuela poética sevillana de Alberto Lista. El análisis detallado de los diversos fondos documentales que albergan documentación de este escritor (el Archivo de Quirós de los Ríos del Fondo Documental Francisco Rodríguez Marín del CSIC, la Biblioteca Menéndez Pelayo de Santander y diversos archivos locales, entre otros) son reveladores de las dinámicas de interrelación del tejido social y cultural de la época y demuestran que el canon no es un elenco aislado, sino que sus autores compartieron espacio y tiempo con otros escritores, hoy considerados menores, pero cuyo estudio nos permite obtener una visión más completa y objetiva del panorama crítico de la poesía de la primera mitad del siglo XIX.</subfield>
   </datafield>
   <datafield ind1="8" ind2=" " tag="024">
      <subfield code="a">Marín Blanco, J. (2024). Fondos documentales para una historia inédita de la literatura española: el caso de Juan María Capitán. En A. López Cobo, V. Luis Mora y A. Quilez Faz (coord.), Raíz nabulosa. Una mirada a la filología hispánica. Dykinson.</subfield>
   </datafield>
   <datafield ind1="8" ind2=" " tag="024">
      <subfield code="a">https://hdl.handle.net/10630/31450</subfield>
   </datafield>
   <datafield ind1="8" ind2=" " tag="024">
      <subfield code="a">10.14679/3182</subfield>
   </datafield>
   <datafield tag="653" ind2=" " ind1=" ">
      <subfield code="a">Literatura española - Siglo XIX</subfield>
   </datafield>
   <datafield tag="653" ind2=" " ind1=" ">
      <subfield code="a">Capitán, Juan María - Crítica e interpretación</subfield>
   </datafield>
   <datafield tag="653" ind2=" " ind1=" ">
      <subfield code="a">Poetas españoles - Andalucía</subfield>
   </datafield>
   <datafield ind2="0" ind1="0" tag="245">
      <subfield code="a">Fondos documentales para una historia inédita de la literatura española: el caso de Juan María Capitán.</subfield>
   </datafield>
</record>
</metadata></record></GetRecord></OAI-PMH>